000 00457nam a22001697a 4500
005 20240705104521.0
008 240705b |||||||| |||| 00| 0 eng d
020 _a9781587143854
082 _a004.6076
_bODO-C
100 _aOdom, Wendell
245 _aCisco CCENT/CCNA ICND1 100-101 /
_cWendell Odom
260 _aUSA:
_bCiso Press;
_c2013.
300 _axiv, 897 p. :
_bill;
_c23 cm.
500 _ainclude index.
650 _aNetworking
999 _c36053
_d36053